Statistics for Guess the football match scorers - Barcelona v Real Madrid

Click here to take the quiz!

General Stats

  • This quiz has been taken 100 times
  • The average score is 4 of 5

Answer Stats

TeamMinuteNumberAnswer% Correct
69' (pen)10Lionel Messi
99%
Real Madrid54'7Cristiano Ronaldo
94%
77'6Xavi
80%
Barcelona56'17Pedro
62%
85'22Ángel Di Maria
58%

Score Distribution

Percentile by Number Answered

Percent of People with Each Score

Your Score History

You have not taken this quiz